Platón para principiantes /

Guardado en:
Autor Principal: Cavalier, Robert
Otros Autores: Lurio, Eric
Formato: Libro
Publicado: Buenos Aires : Era Naciente
Series:Documentos ilustrados; No. 58
Materias:
Etiquetas: Agregar Etiqueta
Sin Etiquetas, Sea el primero en etiquetar este registro!
LEADER 00622nam a22002175a 4500
001 CEM.cems011194
005 20071102160908.0
008 130507b######################000#0#####d
003 CEMS
020 |a 987906576X 
082 0 4 |a 184 
100 1 |a Cavalier, Robert 
245 1 0 |a Platón para principiantes /  |c Robert Cavalier y Eric Lurio 
260 |a Buenos Aires :  |b Era Naciente 
300 |a 160 p. 
490 0 |a Documentos ilustrados; No. 58 
653 |a Filosofía 
653 |a Platón-biografía 
653 |a Filosofía platónica 
700 1 |a Lurio, Eric 
859 |a CEMS  |b BIB. CEMS - 11 de abril  |h 184  |i C314  |p 22064.03  |t Ej.1